| 000 | 00743nam a2200229 a 4500 | ||
|---|---|---|---|
| 005 | 20240514063716.0 | ||
| 008 | 080219s2005 es r 000 0 spa d | ||
| 020 | _a8426132723 | ||
| 035 | _aUPN01000154296 | ||
| 049 | _aCG | ||
| 050 | 4 |
_aPT9875 L5.98 _bH4.7 2005 |
|
| 100 | 1 |
_aLindgren, Astrid, _d1907-2002 _931057 |
|
| 245 | 1 | 4 |
_aLos hermanos Corazón de León / _cAstrid Lindgren ; il. de llon Wikland ; tr. Lucio Salas. |
| 250 | _a2a ed. | ||
| 260 |
_aBarcelona, Esp. : _bJuventud, _c2005. |
||
| 300 |
_a227 p. : _bil. |
||
| 440 | 0 | _aJuventud | |
| 650 | 4 |
_aLiteratura infantil sueca _911036 |
|
| 650 | 4 |
_aHermanos y hermanas _vLiteratura infantil _98964 |
|
| 650 | 4 |
_aNIÑOS Y MUERTE - _vLITERATURA JUVENIL _910006 |
|
| 905 | _aLibro | ||
| 999 |
_c126413 _d126413 |
||